Statistics for Singapore True or False?

Click here to take the quiz!

General Stats

  • This quiz has been taken 124 times
  • The average score is 11 of 15

Answer Stats

QuestionAnswer% Correct
Chewing gum is generally banned from sale in SingaporeTrue
94%
Singapore used to be part of MalaysiaTrue
94%
Singapore has a tropical climate and is extremely humid year-roundTrue
91%
Singapore has no militaryFalse
89%
Mandarin is one of Singapore's official languagesTrue
85%
The tallest building in Southeast Asia is in SingaporeFalse
83%
The Singapore Sling is the city's major shopping districtFalse
83%
Singapore is the world's only city-stateFalse
80%
A majority of Singaporeans are MuslimFalse
72%
Singapore has had only three prime ministers since independenceTrue
70%
Homosexuality is illegal in SingaporeTrue
68%
The Singapore Exchange is the oldest stock exchange in AsiaFalse
61%
Singapore outranks Japan on the Human Development IndexTrue
53%
Singapore hosts the headquarters of the Association of Southeast Asian NationsFalse
51%
In World War II, British forces in Singapore held out against the besieging Japanese army for over a yearFalse
37%

Score Distribution

Percentile by Number Answered

Percent of People with Each Score

Your Score History

You have not taken this quiz